000 00354nam a22001457a 4500
008 210310b ||||| |||| 00| 0 eng d
020 _a9780393975703
041 _aeng
080 _27th
_a82
082 _a82
100 _a21
101 _aGJL
245 _aThe Norton Anthology of English Literature The Twentieth Century
_cDavid,
942 _2udc
_cBK
999 _c56264
_d56264